| 000 | 00735nas a2200241Ia 4500 | ||
|---|---|---|---|
| 001 | R115/44777 | ||
| 003 | IT-RoPAU | ||
| 008 | 151124c99999999xx |||||||||||| ||und|| | ||
| 040 | _aIT-RoPAU | ||
| 040 | _cIT-RoPAU | ||
| 041 | _aITALIANO | ||
| 100 |
_aTurconi Davide _gCodice Aut. SPICS: 301 |
||
| 210 | _aEDAV | ||
| 222 | _aEdav | ||
| 245 |
_aEDAV, ANNO 07-N.070 (AGOSTO/OTTOBRE 1979) _bProblemi Della Storia Del Cinema (I) |
||
| 250 | _a1a ed. | ||
| 260 |
_aROMA _bCISCS _c1979 |
||
| 501 |
_bPaulus - SPICS - Società San Paolo EM (non-commercial uses only) _cCopyright2015 |
||
| 300 | _a2 p. [12-13] | ||
| 362 | _aANNO 007, N.070 (AGOSTO/OTTOBRE 1979) | ||
| 650 |
_aCOMUNICAZIONE _vPUBBLICAZIONE PERIODICA |
||
| 942 | _cCR | ||
| 999 |
_c122388 _d122388 |
||